000 00656nam a2200217Ia 4500
003 0100
005 20220517100853.0
008 130303s9999 xx 000 0 und d
020 _a0300027443
040 _cARRUPELIB
050 _aDT30.5.Y68 1982
100 _aYoung, Crawford
_939190
245 _aIdeology and development in Africa
_cCrawford Young
260 _aNew Haven
_bYale University Press
_c1982
300 _a376p. ;
300 _b 21cm.
650 _aAfrica
_xPolitics and government
_y1960-
_932116
650 _aAfrica
_xEconomic conditions
_y1960-
_924498
650 _aAfrica
_xSocial conditions
_y1960-
_916764
942 _2lcc
_cMONOGRAPH
999 _c25086
_d25086